000 00444nam a2200157 i 4500
001 86057
003 ES-MaACL
005 20230906175351.0
007 t|
008 041207s1922 ddr ||||1| ger d
100 1 _aKaiser, Georg.
_967434
245 1 4 _aDer brand in operhaus
_b: ein nachtsuck in drei anfzügen /
_cGeorg Kaiser.
260 _aPostdam :
_bGustav Kiepenheuer,
_c1922.
300 _a96 p. ;
_c20 cm.
852 _aES-MaACL
_jF-13749
999 _c86057
_d86057